Riconosci il Pokémon - Quiz n°831 - Statistics

Statistiche generali
  • Questo quiz è stato fatto 4 volte
  • Il punteggio medio è 6 su 10
Statistiche sulle risposte
Indizio Riposta % Corretto
Tipo Folletto / Acciaio
100%
Generazione Nona
100%
Stadio evoluzione Seconda evoluzione
100%
Abilità Rompiforma; Mente Locale; Arraffalesto
67%
Altezza 0,7 m
33%
Sesso 100% ♀
33%
Peso 112,8 kg
33%
Tasso di cattura 45 (11.9%)
33%
Tasso di allevamento Medio-Lento
33%
Pokémon Tinkaton
33%
Nessun quiz corrispondente trovato
Distribuzione punteggi
Percentuale di utenti per punteggio
Percentile per numero di risposta
I tuoi punteggi nel tempo
Non hai fatto questo quiz